| 000 | 00725nam a2200217 i 4500 | ||
|---|---|---|---|
| 001 | 75065 | ||
| 003 | ES-MaACL | ||
| 005 | 20230906172329.0 | ||
| 007 | t| | ||
| 008 | 040922s1986 sp ||||1| spa d | ||
| 020 | _a84-85887-88-3 | ||
| 100 | 1 |
_aGorri Goñi, Antonio. _959223 |
|
| 245 | 1 | 0 |
_aJean-Paul Sartre _b: un compromiso histórico : evolución ontológico-social de una psicología fenomenológica / _cAntonio Gorri Goñi. |
| 250 | _a[1ª ed.]. | ||
| 260 |
_aBarcelona : _bAnthropos, _c1986. |
||
| 300 |
_a402 p. ; _c20 cm. |
||
| 490 | 1 |
_aAutores, textos y temas. Filosofía ; _v4 |
|
| 830 | 0 |
_aAutores, textos y temas. Filosofía ; _v4 _9177263 |
|
| 852 |
_aES-MaACL _jL-10684 _bR.111617 |
||
| 999 |
_c75065 _d75065 |
||